000 00772nam0a22002531 4500
001 rc\3613252
005 20250610051605.0
021 _aRU
_bРг1719-74
021 _aRU
_b74-3296
035 _a(NLR Aleph) 007713500
090 _a6873350
_c6873350
100 _a20130115d1973 |||y0rusy50 ca
101 0 _arus
102 _aRU
105 _ay z |||||
200 1 _aТуберкулез излечим
_fМ-во здрав. МССР. Респ. дом сан. просвещения
210 _aКишинев
_cКартя молдовеняскэ
_d1973
215 _a12 с.
_d20
700 1 _aПунга
_bВ.В.
_gВиктор Васильевич
801 0 _aRU
_bNLR
_gpsbo
801 1 _aRU
_bELAR
_2rusmarc
852 _aNLR
_j73-4/41697
942 _cBOOK
980 _aNB